000
00338nam a22001457a 4500
008
210527b ||||| |||| 00| 0 eng d
020
_a
9781416001591
041
_a
eng
080
_2
5th
_a
616-053.2
082
_a
616-053.2
100
_a
8
101
_a
PED
245
_a
Essentials of Pediatrics
_c
Robert M. Kliegman
942
_2
udc
_c
BK
999
_c
57683
_d
57683